=LDR 00000nam 2200000 4500 =001 INLIS000000000809731 =008 ###################################ind## =035 ##$$a 0010-0825000224 =245 ##$$a Panas Dan Energi / $c Bobbi =260 ##$$b Gading Inti Prima =020 ##$$a 9789793846941 =084 ##$$a 590 BBI p =082 ##$$a 590